000 01671nam a2200445 i 4500
001 193084
003 ES-MaACL
005 20240708063024.0
007 ta
008 230727s2002 sp |||||| 000 ||spa|c
017 _aDL M 50911-2002
_bOficina DL Madrid
020 _a8460760871
023 _a101941243970
035 _a(ES-BaCBU).b29852808
035 _a991019412439706706
035 _a(OCoLC)892285619
040 _aES-BaCBU
_bcat
_cES-BaCBU
_dES-MaACL
100 1 _aDoyle, Bob,
_d1916-2009,
_9233926
_eaut
245 1 0 _aBob Doyle :
_bmemorias de un rebelde sin pausa /
_cedición preparada por Severiano Montero Barrado
260 _aMadrid :
_bAABI,
_c2002
300 _a186 páginas :
_bilustraciones ;
_c21 cm
336 _2rdacontent
_aTexto
337 _2rdamedia
_asin mediación
338 _2rdacarrier
_avolumen
500 _aCatalogación provisional. Signatura: N 8586. Depósito J.
504 _aNotas. Bibliografía
600 1 7 _aDoyle, Bob,
_d1916-2009
_2cantic
_9233926
610 0 4 _aBrigadas Internacionales
_2cantic
_92235
650 7 _2thub
651 4 _98292
_aEspaña-
_xHistoria-
_y1936-1939, Guerra civil
655 7 _aAutobiografías
_2tgfbne
_9226823
700 0 _aMontero Barrado, Severiano
_982508
_epbl
710 2 _aAsociación de Amigos de las Brigadas Internacionales
_9149464
852 _aES-MaACL
_9200390
_bR.153315
_jN-8586
_cDEPOJ
_hDonación: Editorial
_zEn proceso
942 _n0
_cMONOGRAFIA
999 _c193084
_d193084